=LDR 00000nam 2200000 4500 =001 INLIS000000000038320 =005 20140826123539.0 =006 =007 =008 Ind =035 ##$$a 0010-061300000038320 =041 ##$$a Ind =082 ##$$a 641.5 =090 ##$$a 641.5, Ind s =100 ##$$a Indriani =245 ##$$a 100 resep coklat coffee, Indriani; Editor, Intarina Hardiman =260 ##$$a 2009 $b Jakarta =300 ##$$a 101 hlm, Ilus, 20 cm =650 ##$$a Minuman(kopi) =700 ##$$a Hardiman, Intarina =850 ##$$a NBPNMAT